[Event "elllobregat Open-A 2019"]
[Site "El Prat de Llobregat"]
[Date "2019.12.08"]
[Round "6.18"]
[White "Romanishin, Oleg M"]
[Black "Dixit, Nikhil"]
[Result "1/2-1/2"]
[WhiteElo "2421"]
[BlackElo "2318"]
[Annotator "TA"]
[PlyCount "113"]
[EventDate "2019.12.03"]
[EventType "swiss"]
[EventCountry "ESP"]
[SourceTitle "playchess.com"]
[Source "ChessBase"]
[SourceQuality "1"]

{[%evp 15,113,37,44,25,47,36,53,47,83,82,87,54,39,39,66,42,69,47,54,47,82,70,89,71,109,46,45,47,47,40,44,45,50,47,48,45,43,39,39,39,42,47,66,35,35,27,29,34,41,38,41,41,41,41,41,41,46,44,50,45,45,45,56,41,45,42,45,45,48,62,104,122,111,74,90,75,87,83,83,77,133,54,60,46,137,145,127,97,102,40,40,40,54,21,69,70,99,27,21,17]} 1. Nf3 Nf6 2. g3 g6 3. Bg2 Bg7 4. O-O O-O 5. d4 d6 6. c4 a6 7. Nc3 Nbd7 8. e4 e5 9. dxe5 {E68: King's Indian: Fianchetto: 6...Nbd7 7 0-0 e5 8 e4} (9. Qc2 exd4 10. Nxd4 Rb8 11. Rd1 Ne5 12. c5 Bg4 13. f3 Bd7 14. f4 Nc6 15. Nxc6 Bxc6 16. e5 Ne8 17. Ne4 Bxe4 18. Qxe4 {½-½ (30) Esipenko,A (2624)-Ponomariov,R (2675) Khanty-Mansiysk 2019}) 9... dxe5 10. Be3 Rb8 $146 ({Predecessor:} 10... b5 11. Qc2 c6 12. Rfd1 Qe7 13. cxb5 axb5 14. a4 b4 15. Na2 c5 16. Nc1 Ba6 {0-1 (30) Gajewski,G (2461)-Dworakowska,J (2377) Legnica 2005}) 11. Qc2 {White is slightly better.} b5 12. Rfd1 {And now Nxe5! would win.} Re8 13. c5 c6 14. b4 Qc7 15. h3 Nf8 16. Rd6 Re6 17. Rad1 Ne8 18. R6d2 Re7 19. a4 Be6 20. a5 (20. axb5 $16 {Strongly threatening b6.} axb5 21. Nd5 cxd5 22. exd5) 20... Rd7 $14 21. Rxd7 Bxd7 22. Qd2 Rd8 23. Bg5 f6 24. Be3 Ne6 25. h4 Bc8 26. Qc2 Rxd1+ 27. Qxd1 Qd8 28. Qb3 N8c7 29. Bf1 h5 30. Be2 Kh7 31. Qd1 Qxd1+ 32. Bxd1 Bh6 33. Bxh6 Kxh6 34. Kf1 Kg7 35. Ke1 Kf8 36. Kd2 Ng7 37. Ne1 Nce6 38. Ke3 Nd8 39. Nd3 Be6 40. Nb1 Bc4 41. Nb2 Ba2 42. Nd2 Nde6 43. Nd3 Nc7 44. Bf3 Ke7 45. Bg2 Bf7 46. f4 exf4+ 47. Nxf4 Nce6 (47... g5 $142) 48. Nd3 (48. Nxe6 $16 Nxe6 49. e5) 48... Be8 49. Nf3 Nc7 ({Black should play} 49... g5 $1 $14) 50. Nf4 $16 Nge6 51. Ne2 Nd8 52. Nfd4 (52. Bh3 $16) 52... Nf7 $1 $14 53. Nf4 Ne5 54. Bh3 Nc4+ 55. Ke2 Ne5 {[#]} 56. Nd3 ({White should try} 56. Bc8 $1 $16) 56... Bd7 $11 57. Bxd7 {Accuracy: White = 45%, Black = 61%.} 1/2-1/2